[Event "ShakkiNet"]
[Site "Helsinki"]
[Date "2014.06.14"]
[Round "6.2"]
[White "Solozhenkin, Evgeniy"]
[Black "Ebeling, Daniel"]
[Result "0-1"]
[WhiteElo "2457"]
[BlackElo "2415"]
[PlyCount "90"]
[EventDate "2014.??.??"]

1. e4 e5 2. Nf3 Nc6 3. Bb5 f5 4. Nc3 fxe4 5. Nxe4 Nf6 6. Qe2 d5 7. Nxf6+ gxf6
8. d4 Bg7 9. dxe5 O-O 10. Bxc6 bxc6 11. e6 Re8 12. O-O Rxe6 13. Qd3 a5 14. Nd4
Re4 15. Rd1 Qe8 16. Be3 a4 17. Re1 Bd7 18. Qd2 Bf8 19. f3 Re7 20. Bf4 c5 21.
Rxe7 Bxe7 22. Nf5 c6 23. Nh6+ Kh8 24. Re1 Qf8 25. c4 d4 26. Qd3 Re8 27. Nf5 Qf7
28. h3 Bf8 29. Rxe8 Qxe8 30. Kf2 Qh5 31. g4 Qxh3 32. Nxd4 Bxg4 33. Nxc6 Bd7 34.
Qd5 Qe6 35. Qxe6 Bxe6 36. b3 axb3 37. axb3 Kg7 38. Kg3 Bf5 39. Na5 Bc8 40. Nc6
Kf7 41. Na7 Bf5 42. Nb5 Bc2 43. Nd6+ Ke6 44. Ne4 Bxe4 45. fxe4 Bd6 0-1

[Event "ShakkiNet"]
[Site "Helsinki"]
[Date "2014.06.14"]
[Round "6.3"]
[White "Kanep, Meelis"]
[Black "Järvenpää, Jari"]
[Result "1-0"]
[WhiteElo "2522"]
[BlackElo "2285"]
[PlyCount "69"]
[EventDate "2014.??.??"]

1. d4 d5 2. c4 dxc4 3. Nf3 a6 4. e3 Nf6 5. Bxc4 b5 6. Bd3 Bb7 7. a4 b4 8. Nbd2
c5 9. e4 e6 10. e5 Nfd7 11. Nc4 Nc6 12. Bg5 Qc7 13. Rc1 cxd4 14. O-O Bc5 15.
Qe2 O-O 16. Qe4 g6 17. Qh4 Rfe8 18. Rfe1 Bf8 19. Be4 Rac8 20. a5 b3 21. h3 Qb8
22. Bf4 Nb4 23. Ng5 h6 24. Nxf7 Kxf7 25. Bxh6 Rxc4 26. Rxc4 Bxe4 27. Rxe4 Nd5
28. Rcxd4 Bxh6 29. Qxh6 Rh8 30. Rf4+ N7f6 31. Qg5 Kg7 32. exf6+ Kf7 33. Rxd5
Rh5 34. Rd7+ Ke8 35. Re7+ 1-0

[Event "ShakkiNet"]
[Site "Helsinki"]
[Date "2014.06.14"]
[Round "6.4"]
[White "Luukkonen, Tommi"]
[Black "Kiik, Kalle"]
[Result "1-0"]
[WhiteElo "2348"]
[BlackElo "2422"]
[PlyCount "101"]
[EventDate "2014.??.??"]

1. c4 c5 2. g3 g6 3. Bg2 Bg7 4. Nf3 Nc6 5. Nc3 d6 6. O-O Bg4 7. a3 Qd7 8. Rb1
h5 9. b4 h4 10. bxc5 hxg3 11. fxg3 Bh3 12. Bxh3 Qxh3 13. Qa4 Kf8 14. Rf2 Rh5
15. Rxb7 Ne5 16. Nxe5 Bxe5 17. Ne4 dxc5 18. Rxa7 Rxa7 19. Qxa7 Nh6 20. Bb2 Ng4
21. Bxe5 Rxe5 22. Nxc5 Kg7 23. Nd3 Rf5 24. Nf4 Qh6 25. e4 Rf6 26. Re2 e5 27.
Nd5 Rf3 28. Ne3 Nf6 29. Nf1 Ng4 30. Ne3 Nf6 31. Qe7 Qh5 32. Re1 Qg5 33. Rf1
Rxe3 34. Qxf6+ Qxf6 35. Rxf6 Rxe4 36. d3 Re3 37. Rd6 Re2 38. Rd5 Kf6 39. a4 Ra2
40. a5 Ke6 41. g4 f5 42. h3 Kf6 43. gxf5 gxf5 44. h4 f4 45. h5 Kf5 46. h6 Kg4
47. Rxe5 Kg3 48. Rg5+ Kf3 49. h7 Ra1+ 50. Kh2 Ra2+ 51. Kh1 1-0

[Event "ShakkiNet"]
[Site "Helsinki"]
[Date "2014.06.14"]
[Round "6.5"]
[White "Norri, Joose"]
[Black "Kokkila, Tero"]
[Result "1-0"]
[WhiteElo "2356"]
[BlackElo "2304"]
[PlyCount "97"]
[EventDate "2014.??.??"]

1. d4 d5 2. c4 c6 3. Nf3 Nf6 4. Nc3 e6 5. e3 Nbd7 6. Bd3 dxc4 7. Bxc4 b5 8. Bb3
Bb7 9. O-O b4 10. Ne2 Bd6 11. Nf4 Qe7 12. e4 Nxe4 13. Re1 Ndf6 14. Ne5 c5 15.
Nxf7 Bxf4 16. Nxh8 Qd6 17. Bxf4 Qxf4 18. f3 O-O-O 19. fxe4 Nxe4 20. Bxe6+ Kb8
21. Qf3 Qxf3 22. gxf3 Ng5 23. Nf7 Nxf3+ 24. Kf2 Rxd4 25. Red1 Rf4 26. Kg3 Rf6
27. Rd8+ Kc7 28. Rd7+ Kb6 29. Nd8 Ba8 30. Rad1 Nd4 31. Bd5 Nf5+ 32. Kf4 Ne7+
33. Ke5 Nxd5 34. R1xd5 Bxd5 35. Kxd5 Rf2 36. Rb7+ Ka6 37. Kc6 Rxh2 38. Rb8 g5
39. Ne6 Rh6 40. Kd5 g4 41. Nxc5+ Ka5 42. Kc4 Rb6 43. Ra8 a6 44. Nb3+ Ka4 45.
Rc8 Rf6 46. Rc5 Rf4+ 47. Kd3 Rf3+ 48. Kc2 Rf2+ 49. Kd1 1-0

[Event "ShakkiNet"]
[Site "Helsinki"]
[Date "2014.06.15"]
[Round "7.1"]
[White "Yemelin, Vasily"]
[Black "Solozhenkin, Evgeniy"]
[Result "1-0"]
[WhiteElo "2556"]
[BlackElo "2457"]
[PlyCount "67"]
[EventDate "2014.??.??"]

1. e4 e5 2. Nf3 Nc6 3. Bb5 a6 4. Ba4 Nf6 5. O-O Be7 6. d3 b5 7. Bb3 d6 8. a3
O-O 9. Nc3 Be6 10. Nd5 Na5 11. Nxf6+ Bxf6 12. Bxe6 fxe6 13. Be3 Qe8 14. b4 Nc6
15. c3 a5 16. a4 axb4 17. axb5 Ne7 18. Rxa8 Qxa8 19. Qb3 bxc3 20. Qxe6+ Kh8 21.
Rc1 Rb8 22. Rxc3 Qa5 23. Qc4 Rxb5 24. Qxc7 Rb1+ 25. Bc1 Qa4 26. h4 h6 27. Kh2
Qd1 28. Bxh6 Qh1+ 29. Kg3 Rg1 30. Nxg1 Qxh4+ 31. Kf3 Qh5+ 32. Ke3 Qxh6+ 33. Ke2
Qh2 34. Kf1 1-0

[Event "ShakkiNet"]
[Site "Helsinki"]
[Date "2014.06.15"]
[Round "7.3"]
[White "Kiik, Kalle"]
[Black "Norri, Joose"]
[Result "1/2-1/2"]
[WhiteElo "2422"]
[BlackElo "2356"]
[PlyCount "70"]
[EventDate "2014.??.??"]

1. Nf3 Nf6 2. e3 g6 3. b3 Bg7 4. Bb2 d6 5. d4 O-O 6. Be2 Nbd7 7. c4 e5 8. Nc3
Re8 9. Qc2 exd4 10. Nxd4 Nc5 11. O-O a5 12. Rad1 c6 13. h3 Qb6 14. Bf3 Bd7 15.
Rd2 a4 16. bxa4 Qa6 17. Ba3 Nxa4 18. Nxa4 Qxa4 19. Bxd6 Qxc2 20. Rxc2 Ne4 21.
Bxe4 Rxe4 22. Rd1 Bxd4 23. Rxd4 Rxd4 24. exd4 Be6 25. Be5 h6 26. g4 f5 27. gxf5
Bxf5 28. Rb2 b5 29. cxb5 cxb5 30. d5 Bxh3 31. Rxb5 Rxa2 32. Rb8+ Kf7 33. Rb7+
Ke8 34. d6 Bd7 35. f4 g5 1/2-1/2

[Event "ShakkiNet"]
[Site "Helsinki"]
[Date "2014.06.15"]
[Round "7.4"]
[White "Kokkila, Tero"]
[Black "Agopov, Mikael"]
[Result "0-1"]
[WhiteElo "2304"]
[BlackElo "2431"]
[PlyCount "82"]
[EventDate "2014.??.??"]

1. e4 c5 2. Nf3 d6 3. d4 cxd4 4. Nxd4 Nf6 5. Nc3 a6 6. Bc4 e6 7. Bb3 b5 8. O-O
Be7 9. Qf3 Qb6 10. Be3 Qb7 11. Qg3 O-O 12. Bh6 Ne8 13. Rad1 Nc6 14. Nxc6 Qxc6
15. Nd5 Bd8 16. Bg5 Qd7 17. Bxd8 Qxd8 18. Ne3 a5 19. c3 a4 20. Bc2 a3 21. e5
axb2 22. Rd4 f5 23. exf6 Nxf6 24. Rxd6 Qc7 25. Qe5 Ne8 26. Rxe6 Bxe6 27. Qxe6+
Kh8 28. Bxh7 Qd6 29. Qh3 Qh6 30. Qxh6 gxh6 31. Bb1 Nd6 32. f3 Rfc8 33. Nd1 Nc4
34. Rf2 b4 35. Nxb2 Nxb2 36. Rxb2 bxc3 37. Re2 Rcb8 38. Bd3 Rb2 39. Kf2 Raxa2
40. Ke3 Rxe2+ 41. Bxe2 c2 0-1

[Event "ShakkiNet"]
[Site "Helsinki"]
[Date "2014.06.15"]
[Round "7.5"]
[White "Järvenpää, Jari"]
[Black "Luukkonen, Tommi"]
[Result "0-1"]
[WhiteElo "2285"]
[BlackElo "2348"]
[PlyCount "106"]
[EventDate "2014.??.??"]

1. e4 c5 2. Nf3 d6 3. d4 cxd4 4. Nxd4 Nf6 5. Nc3 a6 6. h3 e5 7. Nde2 h5 8. Bg5
Be7 9. Bxf6 Bxf6 10. Nd5 Bg5 11. h4 Bh6 12. g3 Bg4 13. Bg2 Nc6 14. c3 O-O 15.
Qd3 f5 16. Rd1 Kh8 17. Qc2 f4 18. gxf4 exf4 19. f3 Ne5 20. Nd4 Bd7 21. b3 Rc8
22. Qf2 Qe8 23. c4 b5 24. cxb5 Bxb5 25. Nxb5 Qxb5 26. Qe2 Qa5+ 27. Kf1 Qa3 28.
Bh3 Rc5 29. Kg2 Ng4 30. Bxg4 hxg4 31. Rd2 Rc1 32. Rdd1 Rxd1 33. Rxd1 Qc5 34. b4
gxf3+ 35. Kxf3 Qc8 36. Qg2 Re8 37. Re1 Qc4 38. Qd2 Qc8 39. Qg2 a5 40. a3 axb4
41. axb4 Qc4 42. Qd2 Rc8 43. Rb1 Ra8 44. Qc3 Qa2 45. Qb2 Qa7 46. b5 Qf7 47. Rg1
Qe6 48. Rg4 Ra4 49. Nc3 Rd4 50. Qb1 Qc4 51. Ne2 Rd3+ 52. Kf2 Rd2 53. Qe1 Qd3
0-1

[Event "ShakkiNet"]
[Site "Helsinki"]
[Date "2014.06.16"]
[Round "8.1"]
[White "Kanep, Meelis"]
[Black "Yemelin, Vasily"]
[Result "0-1"]
[WhiteElo "2522"]
[BlackElo "2556"]
[PlyCount "62"]
[EventDate "2014.??.??"]

1. d4 Nf6 2. c4 e6 3. g3 Bb4+ 4. Bd2 Be7 5. Bg2 d5 6. Nf3 c6 7. Qc2 O-O 8. O-O
Nbd7 9. Nc3 dxc4 10. e4 b5 11. Rad1 Bb7 12. e5 Nd5 13. Ne4 h6 14. Qc1 Re8 15.
a3 Bf8 16. Rfe1 Qb6 17. Nd6 Bxd6 18. exd6 Nf8 19. Ne5 Qd8 20. Re4 Nf6 21. Rh4
Ng6 22. Rh3 Qxd6 23. Bb4 Qc7 24. Re1 c5 25. Ba5 Qe7 26. Bxb7 Qxb7 27. Bd2 h5
28. Bg5 cxd4 29. Bxf6 gxf6 30. Rxh5 fxe5 31. Rexe5 Nxe5 0-1

[Event "ShakkiNet"]
[Site "Helsinki"]
[Date "2014.06.16"]
[Round "8.2"]
[White "Luukkonen, Tommi"]
[Black "Ebeling, Daniel"]
[Result "0-1"]
[WhiteElo "2348"]
[BlackElo "2415"]
[PlyCount "64"]
[EventDate "2014.??.??"]

1. c4 Nf6 2. g3 c6 3. Nf3 d5 4. Bg2 dxc4 5. O-O Nbd7 6. Qc2 Nb6 7. Na3 Qd5 8.
Ne1 Qf5 9. e4 Qg4 10. h3 Qg6 11. d3 e5 12. dxc4 Bc5 13. g4 O-O 14. Qe2 Bxa3 15.
bxa3 Be6 16. c5 Bc4 17. Qc2 Bxf1 18. Bxf1 Nbd7 19. Bd3 Ne8 20. f4 exf4 21. Nf3
Nc7 22. e5 Qh6 23. h4 Rfe8 24. Qh2 Nd5 25. Bb2 Nxc5 26. Bf5 Ne6 27. Kh1 Rad8
28. Rg1 Ne3 29. h5 Ng5 30. Nh4 Nxf5 31. gxf5 Qxh5 32. Rf1 Rd3 0-1

[Event "ShakkiNet"]
[Site "Helsinki"]
[Date "2014.06.16"]
[Round "8.3"]
[White "Solozhenkin, Evgeniy"]
[Black "Kokkila, Tero"]
[Result "0-1"]
[WhiteElo "2457"]
[BlackElo "2304"]
[PlyCount "62"]
[EventDate "2014.??.??"]

1. e4 e6 2. d4 d5 3. Nd2 Be7 4. Ngf3 Nf6 5. e5 Nfd7 6. Bd3 c5 7. c3 Nc6 8. O-O
a5 9. a4 g5 10. dxc5 Bxc5 11. Bb5 g4 12. Nd4 Ncxe5 13. f4 Nc6 14. N2b3 Nxd4 15.
cxd4 Bb6 16. Qxg4 Kf8 17. f5 h5 18. Qe2 exf5 19. Rxf5 Nf6 20. Rf1 Ne4 21. Bf4
Qf6 22. Kh1 Rh7 23. Qe3 Kg8 24. Nc5 Bxc5 25. dxc5 Bf5 26. Rad1 Qe6 27. Qd4 Rc8
28. Qxd5 Nxc5 29. Be3 Be4 30. Qd4 Rg7 31. Rd2 Nb3 0-1

[Event "ShakkiNet"]
[Site "Helsinki"]
[Date "2014.06.16"]
[Round "8.4"]
[White "Norri, Joose"]
[Black "Agopov, Mikael"]
[Result "0-1"]
[WhiteElo "2356"]
[BlackElo "2431"]
[PlyCount "32"]
[EventDate "2014.??.??"]

1. e4 c5 2. Nf3 e6 3. c4 Nc6 4. Nc3 Nf6 5. d4 cxd4 6. Nxd4 Bb4 7. Nxc6 bxc6 8.
e5 Ne4 9. Qg4 Nxc3 10. Bd2 Qa5 11. Qxg7 Rf8 12. bxc3 Bxc3 13. Rd1 Rb8 14. Bd3
Rb2 15. Bxc3 Qxc3+ 16. Kf1 Rd2 0-1

[Event "ShakkiNet"]
[Site "Helsinki"]
[Date "2014.06.16"]
[Round "8.5"]
[White "Kiik, Kalle"]
[Black "Järvenpää, Jari"]
[Result "0-1"]
[WhiteElo "2422"]
[BlackElo "2285"]
[PlyCount "64"]
[EventDate "2014.??.??"]

1. e4 e6 2. d4 d5 3. e5 c5 4. c3 Qb6 5. Nf3 Bd7 6. a3 Bb5 7. Bxb5+ Qxb5 8. b4
cxb4 9. axb4 Nd7 10. Na3 Qc6 11. Qd3 a5 12. bxa5 Rxa5 13. O-O Nb6 14. Nd2 Nc4
15. Ndxc4 dxc4 16. Qg3 Ne7 17. Bb2 Nd5 18. h4 g6 19. Nxc4 Rxa1 20. Rxa1 Qxc4
21. Ra8+ Kd7 22. Qf3 f5 23. exf6 Qb3 24. Ba3 Qb1+ 25. Kh2 Bd6+ 26. Bxd6 Rxa8
27. f7 Kxd6 28. f8=Q+ Rxf8 29. Qxf8+ Kd7 30. Qg7+ Ne7 31. c4 Qe4 32. g3 Qe2 0-1

[Event "ShakkiNet"]
[Site "Helsinki"]
[Date "2014.06.17"]
[Round "9.1"]
[White "Yemelin, Vasily"]
[Black "Luukkonen, Tommi"]
[Result "1-0"]
[WhiteElo "2556"]
[BlackElo "2348"]
[PlyCount "83"]
[EventDate "2014.??.??"]

1. e4 c5 2. Nf3 d6 3. d4 cxd4 4. Nxd4 Nf6 5. Nc3 a6 6. Be3 e6 7. Be2 Be7 8. f4
O-O 9. Bf3 Qc7 10. Qe2 Nc6 11. O-O-O Nxd4 12. Bxd4 e5 13. Be3 Be6 14. g4 exf4
15. Bxf4 Nd7 16. Kb1 Rac8 17. g5 Ne5 18. Bxe5 dxe5 19. h4 Bc4 20. Qg2 Qa5 21.
Be2 Bxe2 22. Qxe2 Rxc3 23. bxc3 Qxc3 24. Rd3 Qc4 25. Re3 Qc6 26. Rd1 Rc8 27.
Rb3 b5 28. Rd5 Qe6 29. Qd3 h6 30. gxh6 Qxh6 31. Rxe5 Bf6 32. Qd7 Rf8 33. Re8 g6
34. e5 Bg7 35. Rf3 Rxe8 36. Qxe8+ Kh7 37. Rxf7 Qxh4 38. Qe7 Qh6 39. Qb7 Kg8 40.
Rd7 Kh8 41. Rd8+ Kh7 42. Rd7 1-0

[Event "ShakkiNet"]
[Site "Helsinki"]
[Date "2014.06.17"]
[Round "9.2"]
[White "Ebeling, Daniel"]
[Black "Kiik, Kalle"]
[Result "1-0"]
[WhiteElo "2415"]
[BlackElo "2422"]
[PlyCount "89"]
[EventDate "2014.??.??"]

1. e4 g6 2. d4 Bg7 3. Nf3 c6 4. Nc3 d5 5. h3 Nf6 6. e5 Ne4 7. Nxe4 dxe4 8. Ng5
c5 9. Bc4 O-O 10. c3 cxd4 11. cxd4 Nc6 12. Be3 b5 13. Bb3 Bb7 14. h4 Na5 15.
Bc2 Nc4 16. O-O Bd5 17. Bxe4 f6 18. exf6 exf6 19. Qf3 Bxe4 20. Nxe4 f5 21. Nc5
f4 22. Bc1 Qd6 23. a4 Rae8 24. axb5 Qxd4 25. Nb3 Qd7 26. Qc6 Qf7 27. Nd2 Ne5
28. Qe4 Ng4 29. Qa4 Qf6 30. Nf3 Ne5 31. Qb3+ Kh8 32. Rxa7 Nxf3+ 33. Qxf3 Qxh4
34. b6 g5 35. b7 Be5 36. Ra8 Bb8 37. b4 Qh6 38. Bb2+ Kg8 39. Qd5+ Qe6 40. Qxg5+
Qg6 41. Qd5+ Qe6 42. Qg5+ Qg6 43. Qd5+ Qe6 44. Qd4 Qg6 45. Ra6 1-0

[Event "ShakkiNet"]
[Site "Helsinki"]
[Date "2014.06.17"]
[Round "9.4"]
[White "Agopov, Mikael"]
[Black "Solozhenkin, Evgeniy"]
[Result "1-0"]
[WhiteElo "2431"]
[BlackElo "2457"]
[PlyCount "95"]
[EventDate "2014.??.??"]

1. d4 Nf6 2. c4 c6 3. Bf4 Qb6 4. Nc3 Qxb2 5. Rc1 d6 6. e4 e5 7. Be3 Ng4 8. Bd2
exd4 9. Na4 Qa3 10. Rb1 c5 11. Bc1 Qxa2 12. Rb2 Qa1 13. Bd3 Bd7 14. Bc2 d3 15.
Bb3 Nc6 16. Nf3 Na5 17. Ba2 Nxc4 18. Bxc4 Bxa4 19. Qd2 Bc6 20. O-O Ne5 21. Nxe5
dxe5 22. Qc3 f6 23. Ba2 b5 24. Be3 Qxb2 25. Qxb2 c4 26. Rc1 a6 27. Bxc4 bxc4
28. Qb6 Rc8 29. Rxc4 Kd7 30. Rc3 Bd6 31. Rxd3 Rhd8 32. Bc5 Ke6 33. Qb3+ Ke7 34.
Qa3 Bxc5 35. Qxc5+ Kf7 36. Rxd8 Rxd8 37. f4 Rd1+ 38. Kf2 Bxe4 39. Qc4+ Bd5 40.
Qc7+ Ke8 41. fxe5 Bf7 42. e6 Bxe6 43. Qxg7 Rd5 44. g4 h5 45. Qh8+ Ke7 46. gxh5
Bf7 47. h6 Rd8 48. Qxd8+ 1-0

[Event "ShakkiNet"]
[Site "Helsinki"]
[Date "2014.06.17"]
[Round "9.5"]
[White "Järvenpää, Jari"]
[Black "Norri, Joose"]
[Result "0-1"]
[WhiteElo "2285"]
[BlackElo "2356"]
[PlyCount "112"]
[EventDate "2014.??.??"]

1. b3 e5 2. Bb2 Nc6 3. e3 Nf6 4. Nf3 d6 5. c4 e4 6. Nd4 Ne5 7. d3 Bg4 8. f3
exf3 9. gxf3 Bh5 10. Be2 d5 11. O-O Bd6 12. Nf5 dxc4 13. bxc4 Bg6 14. f4 Nxc4
15. Nxd6+ Nxd6 16. e4 Qd7 17. e5 Nd5 18. exd6 Ne3 19. Qc1 Nxf1 20. Qxf1 Qxd6
21. Be5 Qb6+ 22. Qf2 O-O-O 23. Bg4+ Kb8 24. Qxb6 axb6 25. f5 f6 26. Bg3 h5 27.
fxg6 hxg4 28. Nc3 Rxd3 29. Nb5 Rxg3+ 30. hxg3 c6 31. Nd6 Rh6 32. Re1 Rxg6 33.
Re7 Ka7 34. Ne8 Rg5 35. Nxg7 Ka6 36. Ne8 Rf5 37. Re3 b5 38. Nc7+ Kb6 39. Ne6 c5
40. Nf4 b4 41. Re4 Ka5 42. Re7 b5 43. Kf2 c4 44. Ra7+ Kb6 45. Rg7 b3 46. axb3
cxb3 47. Rh7 Ka5 48. Ke3 b2 49. Rh1 Ka4 50. Rb1 Ka3 51. Nd3 Rf3+ 52. Kd2 Rxg3
53. Kc2 Rxd3 54. Kxd3 Kb3 55. Kd2 b4 56. Rf1 Ka2 0-1